000 00614nam a22001817a 4500
003 UA-OsUOA
001 7854
007 ta
008 20040707b un ||||| |||| 00| 0 ukr d
100 _aКиричук І.
942 _cSA
040 _aUA-OsUOA
_cUA-OsUOA
_dUA-OsUOA
245 _aУ свої руки взяла владу в Пляшевій Козацька рада
_b[Зліт дитячих козацьких об'єднань Радивилівщини]
300 _aС.5
955 _a0
773 0 _w0
_tВільне слово
_dРівне
_d2004
_g№46/23 черв./
650 7 _aМолодь
_2UDC
999 _c294015
_d294015